00585nam a22001937a 4500003000900000008004100009040007100050082001900121100002500140245003400165260003400199300004100233650001100274650001500285650001100300700002700311700003200338700002100370AR-CdUCM190322b ||||| |||| 00| 0 spa d aMUNICIPALIDAD PROVINCIAL DEL CUSCOcBIBLIOTECA MUNICIPAL DEL CUSCO a869.56 /bOR73 aOrtega Rojas, Moises aConfidencias para el Pueblo / aAcolla :bTupac Amaru,c1975. a82 paginas ;bilustraciones,c21 cm. aPoesia aLiteratura aPerú aOrellana Bonilla, Hugo aSánchez Cerrón, Josué aNúñez, Maiky